MDQL
is popping MORE tags! Check the
thread
!
Quizzes
Events
Quiz Creation
Community
Videos
Private Events
Remove Ads
Sign In
Join for FREE
Feedback
Dark Mode
Quiz Categories
Sports
Geography
Music
Movies
Television
Just For Fun
Miscellaneous
History
Literature
Language
Science
Gaming
Entertainment
Religion
Holiday
For Kids
Quiz Lab
Recent
Popular Today
Quiz Kudos Today
Editor Picks
Curator Picks
Quizzes by...
Day
Popularity
Type
Ratings
Length
Year
Community
Subscriptions
Recent Discussions
Orange Saloon
Badges
Playlists
Quests
Create
Leaderboards
Showdown
Live 5
Trivia Bingo
Activity
Puzzle Library
Sporcle Events
Private Events
Virtual Trivia
Globe League
Become a Host
Pub Owners
SporcleCon
Opinionation
Our Games
Videos
Blog
Mobile Apps
Partnerships
Remove Ads and Go Orange
Feedback
Miscellaneous
Crossword
General Knowledge
Baby Names
Logo
Food
Cars
Numbers
Grab Bag
University
College
Popular
Company
Slogans
Restaurants
Justice
Letter
Miscellaneous
Crossword
General Knowledge
Baby Names
Logo
Food
Cars
Numbers
Grab Bag
University
College
Popular
Company
Slogans
Restaurants
Justice
Letter
Random Quiz
Search Sporcle
×
Quiz Lab
Quiz Lab
Miscellaneous
Canada
Type in answers that appear in a list
Type in answers that appear in a list
Classic
Best Score? Go Orange.
Canadian Trivia Stats
Can you name the Canadian people/places/things given the hints below?
By
schouw
6m
24 Questions
813 Plays
813 Plays
813 Plays
Comments
Comments
Give Quiz Kudos
Give Quiz Kudos
-
- Ratings
hide this ad
Replay
Link that replays current quiz
Next Quiz
Link to next quiz in quiz playlist
You Got
0%
They Got
Avg Score
42%
Avg Friend Score
Upgrade to see
Score Distribution
Jump to the score distribution portion of the page
Score
0/24
Timer
06:00
1
Play Today
Hint
Answer
% Correct
National animal
Beaver
90.1%
Capital of the Northwest Territories
Yellowknife
78.7%
Only female prime minister
Kim Campbell
60%
Leader of the Red River Rebellion
Louis Riel
59%
Stone landmarks made by the Inuit
Inukshuk
53.8%
Year Newfoundland entered
the Canadian Confederation
1949
53.3%
Canadian pictured on the five dollar bill
Wilfrid Laurier
49.8%
'Canada' comes from 'kanata',
an Iroquoian word meaning...
'village' or 'settlement'
49.4%
Longest river in Canada
Mackenzie River
49.3%
Location of the world's highest tides
Bay of Fundy
46.3%
Developed the wireless
handheld device 'BlackBerry'
Research In Motion
45.9%
Nobel Peace Prize winning prime minister who introduced the current Canadian flag
Lester B. Pearson
44.2%
Hint
Answer
% Correct
Nicknamed 'Polar Bear Capital of the World'
Churchill, Manitoba
41.4%
Franklin Carmichael, Lawren Harris,
A. Y. Jackson, Frank Johnston, Arthur Lismer,
J. E. H. MacDonald, Frederick Varley
Group of Seven
41.1%
Highest honour awarded to civilians
Order of Canada
38.7%
First national park
Banff National Park
38.4%
Current leader of the Liberal Party of Canada
Michael Ignatieff
36.8%
Political party that merged
with the Progressive Conservative Party
of Canada in 2003
Canadian Alliance
26.2%
Year 'O Canada!' was officially made
the national anthem
1980
24.5%
Famous artist inspired by the indigenous people of the Pacific Northwest Coast
Emily Carr
24.4%
Number of seats in the House of Commons
308
21.4%
Won 5 medals at the 2006 Winter Olympics
Cindy Klassen
20.6%
Island famous for its herd of wild horses
Sable Island
19.3%
Developed the system of standard time
Sir Sandford Fleming
15.8%
Quiz Playlist
Details
Report
Send in Message
Add To Playlist
Classic:
Type in answers that appear in a list
Quiz Source
Last Updated: May 1, 2017
Quiz Scoreboard
CHALLENGE
Sign Up to Join the Scoreboard
Show All
Scores
Hide
Comments
May contain spoilers
Recently Published
Two Season TV Shows II
by 123Four
Television
10m
Image Sorting: Flags VI
by Barbecue
Geography
2m
Find the 'City' Movie
by crazypaving
Movies
60s
More to Explore
Quiz From the Vault
Featured Blog Post
14 Easter Pick-up Lines to Find Eggs With
hide this ad
You Might Also Like...
Tags
Canada Quiz
place
Today's Top Quizzes in Miscellaneous
Browse Miscellaneous
hide this ad
Today's Top Quizzes in Canada
Browse Canada
Top Contributed Quizzes in Miscellaneous
1
The JOE quick-fire general knowledge quiz: Day 174
2
9x9 Crossword: Disney Movie Titles
3
5-to-1: Fast Food
4
The JOE quick-fire general knowledge quiz: Day 173
5
9x9 Crossword: Charlie and the Chocolate Factory
6
9x9 Crossword: The Simpsons
7
9x9 Crossword: Flags
8
9x9 Crossword: Actors
9
9x9 Crossword: 2022 Movies
10
9x9 Crossword: Pixar Movie Titles
Explore More
Trending Topics
Kpop
Harry Potter
Disney
Marvel
Crossword
NBA
Anime
Song
The Office
Country
WWE
Pokémon
Puzzle
NFL
Soccer
hide this ad
More By:
schouw
Quiz
Plays
Rating
Category
Featured
Created
Corporate Logos IV
716,204
4.14
Miscellaneous
Dec 1, 2009
Children's Book Characters
199,494
4.52
Literature
Dec 18, 2009
Colors in Team Names
174,636
4.24
Sports
Oct 1, 2009
Most Guessed World Capitals
3,792
4.44
Geography
Nov 6, 2009
The 'Big' Quiz
2,666
4.18
Miscellaneous
Oct 1, 2009
Go to Creator's Profile
Score Distribution
Quiz Creator Spotlight
schouw
Follow
Send a Message
Quizzes Created
-
Created Quiz Play Count
-
More By This Creator
Popular Quizzes Today
1
Find the US States - No Outlines Minefield
2
Colored Red Africa Blitz
3
Find the 'City' Movie
4
5x2 Blitz: Bands
5
The Countries of the World
6
Find the Countries of Europe - No Outlines Minefield
7
Find the US States
8
US States
More Miscellaneous Quizzes
The 3rd thing you need to know: Boys Names
Quiz Lab
Trending Quizzes
Colored Red Europe Blitz I
Colored Red Africa Blitz II
Colored Red Europe Blitz II
Even More Two Season TV Shows
Colored Red Africa Blitz III
Recently Updated
March Madness Men's Triple Doubles
pecheneg
How Do You Spell That?
pecheneg
Godzilla Movies
pecheneg
Grab Bag: 4-10 Letters
pecheneg
2024 March Madness Bracket
pecheneg
Famous TV Couples
Peacemaker
Champions League XIs: Real Madrid
pecheneg
Largest US Cities 1790-2010
pecheneg
Rides in Walt Disney World
pecheneg
Most Oscar Losses (Acting)
pecheneg
Trending Topics
Marvel
Disney
Kpop
Harry Potter
NBA
Anime
Crossword
The Office
Song
Puzzle
Soccer
WWE
Pokémon
NFL
Country
Your Account Isn't Verified!
In order to create a playlist on Sporcle, you need to verify the email address you used during registration. Go to your
Sporcle Settings
to finish the process.
Report this User
Report this user for behavior that violates our
Community Guidelines
.
Details:
Send Report
Go to the Sporcle.com Mobile Site →
Comments